Mengzi hui jian /
Saved in:
| Main Author: | |
|---|---|
| Other Authors: | |
| Format: | Book |
| Language: | Chinese |
| Published: |
Shanghai :
Zheng zhong shu ju,
1946.
|
| Edition: | Hu 1 ban. |
| Series: | Guo xue zhuan shu xuan du.
di 2 zhong. |
| Subjects: | |
| Tags: |
Add Tag
No Tags, Be the first to tag this record!
|
| LEADER | 01130cam a2200313ua 4500 | ||
|---|---|---|---|
| 001 | 007728100-4 | ||
| 005 | 20024617105648.0 | ||
| 008 | 920529s1946 cc 000 0 chi d | ||
| 035 | 0 | |a ocm25910779 | |
| 040 | |a *BNJ* |c *BNJ* |d *YNH* |d CStRLIN | ||
| 100 | 1 | |6 880-01 |a Wen, Jincheng. | |
| 245 | 1 | 0 | |6 880-02 |a Mengzi hui jian / |c Wen Jincheng xuan zhu. |
| 250 | |6 880-03 |a Hu 1 ban. | ||
| 260 | |6 880-04 |a Shanghai : |b Zheng zhong shu ju, |c 1946. | ||
| 300 | |a [39], 374 p. ; |c 21 cm. | ||
| 490 | 1 | |6 880-05 |a Guo xue zhuan shu xuan du. Di 1 ji ; |v di 2 zhong | |
| 600 | 0 | 0 | |6 880-06 |a Mencius. |t Mengzi. |
| 700 | 0 | 2 | |6 880-07 |a Mencius. |t Mengzi. |f 1946. |
| 880 | 1 | |6 100-01 |a 温晉城. | |
| 880 | 1 | 0 | |6 245-02 |a 孟子會箋 / |c 温晉城選注. |
| 880 | |6 250-03 |a 滬1版. | ||
| 880 | |6 260-04 |a 上海 : |b 正中書局, |c 1946. | ||
| 880 | 1 | |6 490-05 |a 國學專書選讀. 第1集 ; |v 第2種 | |
| 880 | 0 | 0 | |6 600-06 |a Mencius. |t 孟子. |
| 880 | 0 | 2 | |6 700-07 |a Mencius. |t 孟子. |f 1946. |
| 830 | 0 | |6 880-55 |a Guo xue zhuan shu xuan du. |n Di 1 ji ; |v di 2 zhong. | |
| 880 | 0 | |6 830-55 |a 國學專書選讀. |n 第1集 ; |v 第2種. | |
| 988 | |a 20021103 | ||
| 906 | |0 OCLC | ||


